| 000 | 01334nam a2200409 a 4500 | ||
|---|---|---|---|
| 001 | 21759 | ||
| 003 | VRT | ||
| 005 | 20260309135650.0 | ||
| 008 | 240314s2010 xo a b 000 f slo | ||
| 015 | _aSNBA2011/07-03876 | ||
| 020 |
_a9788081120640 _q(viaz.) |
||
| 035 | _aFF6F5209-C33D-40F6-8C9B-812BABD98CF5 | ||
| 035 | _aurn:nbn:sk:snk-amjx44 | ||
| 035 | _aurn:nbn:sk:snk-am0080ur | ||
| 039 | 9 |
_a202403140935 _bVLOAD _c202403131543 _dAUTHORITY _c201808090952 _dVLOAD _c201511121709 _dVLOAD |
|
| 040 |
_aPOKPOH _bslo _cPOKPOH _dSNK _eAACR2 |
||
| 041 | 1 |
_aslo _hrum |
|
| 044 |
_axo _cSK |
||
| 072 | 7 |
_a821-93 _xLiteratúra pre deti a mládež (beletria) _2konspekt |
|
| 080 |
_a821-34 _22001 |
||
| 080 |
_a821-93 _22001 |
||
| 100 | 1 |
_aBâldescu, Zorina _4aut |
|
| 245 | 1 | 0 |
_aKráľovstvo víl _cZorina Bâldescu |
| 250 | _a1. vyd. | ||
| 260 |
_aBratislava _bSlovart Print _c2010 |
||
| 300 |
_a47 s. _bfareb. ilustrácie _c34 cm |
||
| 500 | _aPrel. z rum. | ||
| 500 | _aNázov z obalu | ||
| 655 | 7 |
_apublikácie pre deti _2SNKPH |
|
| 655 | 7 |
_arozprávky _2SNKPH |
|
| 942 |
_2ddc _cKLDE _n0 |
||
| 949 |
_6273K0528642 _asvkpoD 2767 _bsvkpo534442 |
||
| 949 |
_617A0696825 _asnkSB 81330 _bsnk2011/8736 _o973/2011 _s6100:20140925 |
||
| 949 |
_617A0696824 _asnkSB 81330 D1 _bsnk2011/8737 _o973/2011 |
||
| 980 | _a821-93 | ||
| 980 | _a821-34 | ||
| 999 |
_c21759 _d21759 |
||